000
00204nam a2200097 4500
999
_c
530811
_d
530811
040
_c
DLC
082
_a
891.4393
_b
YOU
100
_a
Yousafi, Mushtaq Ahmed
_9
23902
245
_a
Zarguzisht
942
_2
ddc
_c
BK